C++ GUI programming with Qt 3 (E-Book) (Record no. 192523)
[ view plain ]
| 000 -LEADER | |
|---|---|
| fixed length control field | 00859 a2200265 4500 |
| 003 - CONTROL NUMBER IDENTIFIER | |
| control field | Nust |
| 005 - DATE AND TIME OF LATEST TRANSACTION | |
| control field | 20170207154039.0 |
| 020 ## - INTERNATIONAL STANDARD BOOK NUMBER | |
| International Standard Book Number | 0-13-124072-2 (pbk.) : |
| 035 ## - SYSTEM CONTROL NUMBER | |
| System control number | (Uk)0131240722 |
| 040 ## - CATALOGING SOURCE | |
| Transcribing agency | Nust |
| 082 04 - DEWEY DECIMAL CLASSIFICATION NUMBER | |
| Classification number | 005.42862 |
| 100 1# - MAIN ENTRY--PERSONAL NAME | |
| Personal name | Blanchette, Jasmin |
| 245 10 - TITLE STATEMENT | |
| Title | C++ GUI programming with Qt 3 (E-Book) |
| Statement of responsibility, etc. | Jasmin Blanchette, Mark Summerfield |
| 260 ## - PUBLICATION, DISTRIBUTION, ETC. | |
| Place of publication, distribution, etc. | Upper Saddle River, N.J. : |
| Name of publisher, distributor, etc. | Prentice Hall ; |
| -- | Trolltech Press, |
| Date of publication, distribution, etc. | cop. 2004 |
| 300 ## - PHYSICAL DESCRIPTION | |
| Extent | 440 s. : |
| Accompanying material | CD-skiva i ficka |
| 440 #0 - SERIES STATEMENT/ADDED ENTRY--TITLE | |
| Title | Bruce Perens' open source series |
| 505 ## - FORMATTED CONTENTS NOTE | |
| Formatted contents note | Part I: Basic Qt Part II: Intermediate Qt |
| 650 #0 - SUBJECT ADDED ENTRY--TOPICAL TERM | |
| Topical term or geographic name entry element | C (Computer program language) |
| 650 #0 - SUBJECT ADDED ENTRY--TOPICAL TERM | |
| Topical term or geographic name entry element | C (programspr�k) |
| 650 #0 - SUBJECT ADDED ENTRY--TOPICAL TERM | |
| Topical term or geographic name entry element | C++ (Computer program language) |
| 650 #0 - SUBJECT ADDED ENTRY--TOPICAL TERM | |
| Topical term or geographic name entry element | Graphical user interfaces (Computer systems) |
| 650 #0 - SUBJECT ADDED ENTRY--TOPICAL TERM | |
| Topical term or geographic name entry element | Programmering |
| 651 ## - SUBJECT ADDED ENTRY--GEOGRAPHIC NAME | |
| Geographic name | (E-Book) |
| 700 1# - ADDED ENTRY--PERSONAL NAME | |
| Personal name | Summerfield, Mark |
| 942 ## - ADDED ENTRY ELEMENTS (KOHA) | |
| Source of classification or shelving scheme | |
| Koha item type | Book |
| Withdrawn status | Lost status | Source of classification or shelving scheme | Damaged status | Not for loan | Collection code | Permanent Location | Current Location | Date acquired | Total Checkouts | Full call number | Barcode | Date last seen | Price effective from | Koha item type |
|---|---|---|---|---|---|---|---|---|---|---|---|---|---|---|
| Military College of Signals (MCS) | Military College of Signals (MCS) | 12/12/2016 | 005.42862 MAR | MCSEB-1979 | 12/08/2016 | 12/12/2016 | Book |
